| 000 | 00795cam a2200205 4500 | ||
|---|---|---|---|
| 001 | ##L133916 | ||
| 008 | 060619n2005 000 0 eng u | ||
| 035 | _a(Sirsi) u133916 | ||
| 041 | 0 | _aeng | |
| 050 | 0 | 4 | _a333 $2 18 |
| 100 | 1 | _aRaymond, Afra | |
| 245 | 0 | 0 | _aProperty matters |
| 260 |
_aPort of Spain _bRaymond and Pierre _c2005 |
||
| 300 |
_av, 126p. _bill. _c23cm. |
||
| 520 | _aA collection of articles relating to property in Trinidad and Tobago. Covers topics such as property taxation, the planning system, property insurance and the supply of housing, as well as discussing issues related to development within specific cities, including Port-of-Spain, Chaguanas and San Fernando. | ||
| 590 | _aIKA210806 | ||
| 651 | 4 | _aTRINIDAD AND TOBAGO | |
| 690 | _aPROPERTY | ||
| 942 | _n0 | ||
| 999 |
_c105510 _d105510 |
||